Muhammad-Quli Qutb Shah, founder of Haidarabad (Record no. 84777)

MARC details
000 -LEADER
fixed length control field 00861cam a22002531 4500
001 - CONTROL NUMBER
control field sa 68012840
003 - CONTROL NUMBER IDENTIFIER
control field DLC
005 - DATE AND TIME OF LATEST TRANSACTION
control field 20260227112616.0
008 - FIXED-LENGTH DATA ELEMENTS--GENERAL INFORMATION
fixed length control field 760211s1967 nyuabce b 001 0 eng
010 ## - LIBRARY OF CONGRESS CONTROL NUMBER
LC control number sa 68012840
035 ## - SYSTEM CONTROL NUMBER
System control number (OCoLC)1983780
040 ## - CATALOGING SOURCE
Original cataloging agency DLC
Transcribing agency FJUNF
Modifying agency DLC
042 ## - AUTHENTICATION CODE
Authentication code premarc
050 00 - LIBRARY OF CONGRESS CALL NUMBER
Classification number DS486.G6
Item number S5 1967
082 ## - DEWEY DECIMAL CLASSIFICATION NUMBER
Classification number 954/.84/0250924
100 1# - MAIN ENTRY--PERSONAL NAME
Personal name Sherwani, Haroon Khan.
245 10 - TITLE STATEMENT
Title Muhammad-Quli Qutb Shah, founder of Haidarabad
Statement of responsibility, etc. [by] H. K. Sherwani.
260 ## - PUBLICATION, DISTRIBUTION, ETC.
Place of publication, distribution, etc. Bombay
-- New York,
Name of publisher, distributor, etc. Asia Pub. House,
Date of publication, distribution, etc. [c1967]
300 ## - PHYSICAL DESCRIPTION
Extent xii, 150 p.
Other physical details illus., plans (part fold.), ports.
Dimensions 22 cm.
440 #0 - SERIES STATEMENT/ADDED ENTRY--TITLE
Title Asia monographs,
Volume/sequential designation no. 11
504 ## - BIBLIOGRAPHY, ETC. NOTE
Bibliography, etc. note Bibliographical references included in the list of abbreviations: p. [xi]-xii.
600 00 - SUBJECT ADDED ENTRY--PERSONAL NAME
Personal name Muhammad Quli Qutb Shah,
Titles and other words associated with a name Sultan of Golkunda,
Dates associated with a name 1565-1612.
651 #0 - SUBJECT ADDED ENTRY--GEOGRAPHIC NAME
Geographic name Hyderabad (India)

No items available.

Powered by Koha